The queen's curse

Bibliographic Details
Main Author: Harrison, Emma
Format: Book
Published: London : : Simon & Schuster, , 2005.
Series:Charmed
Subjects:

MARC

LEADER 00000cam a2200000 7i4500
001 0000026442
005 20160330.0
008 090602
020 |a 1416900241 
090 0 0 |a HAR   |b ENG 
100 1 |a Harrison, Emma. 
245 1 4 |a The queen's curse   |c Emma Harrison 
260 |a London : :   |b Simon & Schuster, ,   |c 2005. 
440 |a Charmed 
500 |a Teenager ages 13-18 years old (blue) 
650 0 |a Horror tales. 
650 0 |a Witches   |v Fiction. 
650 0 |a Young adult fiction. 
999 |a 0001056718   |b Book   |c Teenagers   |e Perbadanan Perpustakaan Awam Johor 
999 |a 0001056719   |b Book   |c Teenagers   |e Perbadanan Perpustakaan Awam Johor